... and justice for all (Record no. 68148)
[ view plain ]
| 000 -LEADER | |
|---|---|
| fixed length control field | 01351cam a2200229 4500 |
| 001 - CONTROL NUMBER | |
| control field | ABS64410 |
| 008 - FIXED-LENGTH DATA ELEMENTS--GENERAL INFORMATION | |
| fixed length control field | 010904n2001 000 0 eng u |
| 035 ## - SYSTEM CONTROL NUMBER | |
| System control number | (Sirsi) u114423 |
| 100 ## - MAIN ENTRY--PERSONAL NAME | |
| Personal name | Helps, D |
| 245 ## - TITLE STATEMENT | |
| Title | ... and justice for all |
| 260 ## - PUBLICATION, DISTRIBUTION, ETC. | |
| Date of publication, distribution, etc. | 2001 |
| 490 ## - SERIES STATEMENT | |
| Series statement | Building |
| Volume/sequential designation | 266(8196) 10 August 2001, 41(1) |
| 520 ## - SUMMARY, ETC. | |
| Summary, etc. | Briefly examines the implications of introducing conditional fees into the civil justice system. Government is considering introducing US-type contingency fees after the Woolf reforms failed to address legal costs. Looks at the difference between the US, where each party pays its own legal costs, and Britain, where the losing party pays the winner's costs. Should contingency fees be introduced, the UK will have to abandon this rule of the loser paying the winner's costs; lawyers may also be accused of inflating damages claims as they would have a direct financial interest in the outcome of the litigation; contingency fees may also provoke conflicts of interest between the lawyer and the client. Article considers that contingency fees would provide greater choice and access to justice for clients. |
| 590 ## - LOCAL NOTE (RLIN) | |
| Local note | ABS |
| 650 ## - SUBJECT ADDED ENTRY--TOPICAL TERM | |
| Topical term or geographic name entry element | CONTINGENCY FEES |
| 650 ## - SUBJECT ADDED ENTRY--TOPICAL TERM | |
| Topical term or geographic name entry element | CIVIL JUSTICE SYSTEM |
| 650 ## - SUBJECT ADDED ENTRY--TOPICAL TERM | |
| Topical term or geographic name entry element | LEGAL COSTS |
| 650 ## - SUBJECT ADDED ENTRY--TOPICAL TERM | |
| Topical term or geographic name entry element | CONDITIONAL FEES |
| 650 ## - SUBJECT ADDED ENTRY--TOPICAL TERM | |
| Topical term or geographic name entry element | WOOLF REFORMS |
| 690 ## - LOCAL SUBJECT ADDED ENTRY--TOPICAL TERM (OCLC, RLIN) | |
| Topical term or geographic name as entry element | LAW-UK |
| 942 ## - ADDED ENTRY ELEMENTS (KOHA) | |
| Suppress in OPAC | 0 |
| Withdrawn status | Lost status | Source of classification or shelving scheme | Damaged status | Not for loan | Home library | Current library | Shelving location | Date acquired | Total Checkouts | Full call number | Barcode | Date last seen | Copy number | Price effective from | Koha item type |
|---|---|---|---|---|---|---|---|---|---|---|---|---|---|---|---|
| Dewey Decimal Classification | London | London | Journal article | 04/09/2001 | ABS64410 | 114423-1001 | 06/08/2019 | 1 | 06/08/2019 | Journal article |